01075cam a22002775a 45000010009000000050017000090080041000260200018000670400028000850430021001130820025001341000029001592450106001882460043002942500022003372600049003593000032004085040053004406500010004936510059005036510052005626530024006149420008006389990017006469520134006631819260120161012112346.0140618t2013 enka frb 001 0 eng d a9781780767680 aDLCbengcDLCdEG-ScBUE an-us---aa-sy---04a327.7305691222bMOU1 aMoubayed, Sami M.94146610aSyria and the USA :bWashington's relations with Damascus from Wilson to Eisenhower /cSami Moubayed.3 aSyria and the United States of America aNew paperback ed. aLondon ;aNew York :bI. B. Tauris,cc.2013. axv, 207 p.:bill. ;c22 cm. aIncludes bibliographical references and indexes. 2BUEsh 0aUnited StatesxForeign relationszSyria.2BUEsh941467 0aSyriaxForeign relationszUnited States.2BUEsh bBUSBOLcOctober2016 2ddc c22523d22495 00102ddc40708AUCaMAINbMAINc1STd2016-10-12ePurchaseg30.00l0o327.7305691 MOUp000034023r2025-07-15 00:00:00v37.50yBB